Les plus gros transferts du football - Nés en 1988 - Statistiques

Statistiques générales
  • Ce quiz a été pris 109 fois
  • Le résultat moyen est 8 sur 10
Statistiques - réponses
Montant de transfert (M €) Saison Nationalité Venant de Allant à Joueur % Correct
75,00 2014-2015 Argentine Real Madrid Manchester United Ángel Di María
100%
35,00 2015-2016 Argentine Manchester United Paris SG Ángel Di María
100%
45,00 2022-2023 Pologne Bayern Munich Barcelone Robert Lewandowski
93%
47,00 2013-2014 Allemagne Real Madrid Arsenal Mesut Özil
85%
42,50 2014-2015 Chili Barcelone Arsenal Alexis Sánchez
81%
30,00 2017-2018 Brésil / Espagne Chelsea Atlético Madrid Diego Costa
79%
44,73 2013-2014 Espagne Chelsea Manchester United Juan Mata
69%
44,70 2017-2018 Serbie Chelsea Manchester United Nemanja Matic
59%
44,50 2015-2016 Argentine FC Valencia Manchester City Nicolás Otamendi
48%
42,00 2015-2019 Brésil Barcelone Ghangzhou Evergrande Paulinho
41%
Aucun quiz correspondant
Distribution des résultats
% des personnes avec chaque résultat
Percentile par nombre de réponses
Votre historique - résultats
Vous n’avez pas pris ce quiz